EdTech KISK : Studijní profilace Technologie ve vzdělávání.

Bibliographic Details
Main Author: Černý, Michal.
Other Authors: Tulinská, Hana.
Format: eBook
Language:Czech
Published: Brno : Masaryk University, 2019.
Edition:1st ed.
Subjects:
Online Access:Click to View
LEADER 02355nam a22003733i 4500
001 EBC6913539
003 MiAaPQ
005 20231204023221.0
006 m o d |
007 cr cnu||||||||
008 231204s2019 xx o ||||0 cze d
020 |a 9788021094802  |q (electronic bk.) 
020 |z 9788021094796 
035 |a (MiAaPQ)EBC6913539 
035 |a (Au-PeEL)EBL6913539 
035 |a (OCoLC)1305841619 
040 |a MiAaPQ  |b eng  |e rda  |e pn  |c MiAaPQ  |d MiAaPQ 
100 1 |a Černý, Michal. 
245 1 0 |a EdTech KISK :  |b Studijní profilace Technologie ve vzdělávání. 
250 |a 1st ed. 
264 1 |a Brno :  |b Masaryk University,  |c 2019. 
264 4 |c {copy}2019. 
300 |a 1 online resource (45 pages) 
336 |a text  |b txt  |2 rdacontent 
337 |a computer  |b c  |2 rdamedia 
338 |a online resource  |b cr  |2 rdacarrier 
505 0 |a Intro -- Obsah -- Úvodní slovo -- Poslání -- Historie -- Časová osa milníků -- Lidé -- Garanti -- Současní vyučující -- Externí spolupracovníci -- Bývalí spolupracovníci -- Partneři -- Tutoři -- Projekty -- Aktuální -- Ukončené projekty -- Menší projekty -- Časová osa projektů -- Výuka a studenti -- Historie výuky -- Absolventi -- Jak na EdTech vzpomínají absolventi profilace či studia pedagogiky? -- Studentské projekty -- Publikace -- Vzdělávací prostředí -- Informační gramotnost -- Sebeřízené učení -- Školní didaktika / Technologie ve výuce -- Učící knihovník -- Online vzdělávání -- Kurátorství -- Příspěvky ve sborníku -- Filosofické aspekty -- Konference, kterých jsme se zúčastnili -- Redakční rady -- Místo závěru. 
588 |a Description based on publisher supplied metadata and other sources. 
590 |a Electronic reproduction. Ann Arbor, Michigan : ProQuest Ebook Central, 2023. Available via World Wide Web. Access may be limited to ProQuest Ebook Central affiliated libraries.  
655 4 |a Electronic books. 
700 1 |a Tulinská, Hana. 
776 0 8 |i Print version:  |a Černý, Michal  |t EdTech KISK: Studijní profilace Technologie ve vzdělávání  |d Brno : Masaryk University,c2019  |z 9788021094796 
797 2 |a ProQuest (Firm) 
856 4 0 |u https://ebookcentral.proquest.com/lib/matrademy/detail.action?docID=6913539  |z Click to View